000
00342nam a2200145Ia 4500
008
150201s2011 xx 000 0 und d
082
_a
614.1
_b
F11U
100
_a
UMADITHAN, B.
245
_a
FORENSIC MEDICINE FOR POLICE
250
_a
1ST
260
_b
CBS
_a
DELHI
_c
2011
300
_a
1-326
650
_a
FORENSIC MEDICINE
942
_2
ddc
_c
BK
999
_c
1274
_d
1274